| 000 | 00405 a2200169 4500 | ||
|---|---|---|---|
| 020 | _a9788185749594 | ||
| 022 | _a9788185749594 | ||
| 082 | _a658 | ||
| 090 |
_c6382 _d6382 |
||
| 100 | _aVerma,A.P. | ||
| 245 |
_aIndustrial Management. _bA Textbook. _cA.P.Verma. |
||
| 250 | _a7th. | ||
| 260 |
_aDelhi. _bKatson Books. _c2011. |
||
| 300 | _a386p. | ||
| 500 | _aPaper cover. | ||
| 942 |
_aNBS _cBK _k658 VER |
||
| 999 |
_c348746 _d348746 |
||